The paper palace / (Record no. 2434)

MARC details
000 -LEADER
fixed length control field 02916cam a22003498i 4500
001 - CONTROL NUMBER
control field 2434
003 - CONTROL NUMBER IDENTIFIER
control field FISKH
005 - DATE AND TIME OF LATEST TRANSACTION
control field 20231207110429.0
006 - FIXED-LENGTH DATA ELEMENTS--ADDITIONAL MATERIAL CHARACTERISTICS
fixed length control field m |o d |
007 - PHYSICAL DESCRIPTION FIXED FIELD--GENERAL INFORMATION
fixed length control field cr |||||||||||
008 - FIXED-LENGTH DATA ELEMENTS--GENERAL INFORMATION
fixed length control field 201008s2021 nyu o 000 1 eng
010 ## - LIBRARY OF CONGRESS CONTROL NUMBER
LC control number 2020045755
020 ## - INTERNATIONAL STANDARD BOOK NUMBER
International Standard Book Number 9780593329849
Qualifying information (ebook)
020 ## - INTERNATIONAL STANDARD BOOK NUMBER
Canceled/invalid ISBN 9780593329825
Qualifying information (hardcover)
020 ## - INTERNATIONAL STANDARD BOOK NUMBER
Canceled/invalid ISBN 9780241990452
040 ## - CATALOGING SOURCE
Original cataloging agency DLC
Language of cataloging eng
Transcribing agency DLC
Description conventions rda
042 ## - AUTHENTICATION CODE
Authentication code pcc
050 00 - LIBRARY OF CONGRESS CALL NUMBER
Classification number PS3603.O88945
082 00 - DEWEY DECIMAL CLASSIFICATION NUMBER
Classification number 813/.6
Edition number 23
100 1# - MAIN ENTRY--PERSONAL NAME
Personal name Cowley Heller, Miranda,
245 14 - TITLE STATEMENT
Title The paper palace /
Statement of responsibility, etc. Miranda Cowley Heller.
260 ## - PUBLICATION, DISTRIBUTION, ETC.
Place of publication, distribution, etc. New York :
Name of publisher, distributor, etc. Penguin Books,
Date of publication, distribution, etc. 2021.
300 ## - PHYSICAL DESCRIPTION
Extent 389 pages :
Dimensions 20 cm
520 ## - SUMMARY, ETC.
Summary, etc. "A story of summer, secrets, love and lies: in the course of a singular day on Cape Cod, one woman must make a life-changing decision that has been brewing for decades. Set against the summer backwoods and beaches of Cape Cod, The Paper Palace unfolds over 24 hours and across 50 years, as decades of family legacy, love, lies, secrets, and one unspeakable childhood tragedy lead wife and mother Elle Bishop to the precipice of a life-changing decision. With its transporting setting and propulsive pace, the story draws on the sweet promise of young love, as well as the heartbreaking damage incurred by too many secrets. It's a compulsively readable story about the tensions between the romantic childhood ideals we grow up with, and the family responsibilities that carry us into adulthood. Must our life choices remain irrevocable if the conditions are changed? It is a perfect July morning, and Elle, a fifty-year-old happily married mother of three, awakens at "The Paper Palace"-- the family summer place which she has visited every summer of her life. But this morning is different, because last night Elle and her oldest friend Jonas crept out the back door into the darkness and had sex with each other for the first time, all while their spouses chatted away inside. Now, over the next 24 hours, Elle will have to decide between the life she has made with her genuinely beloved husband, Peter, and the life she always imagined she would have had with her childhood love, Jonas, if a tragic event hadn't forever changed the course of their lives. As Heller colors in the experiences that have led Elle to this day, we arrive at her ultimate decision with all its complexity. Tender yet devastating, The Paper Palace considers the tensions between desire and dignity; the legacies of abuse; and the crimes and misdemeanors of families"--
Assigning source Provided by publisher.
588 ## - SOURCE OF DESCRIPTION NOTE
Source of description note Description based on print version record and CIP data provided by publisher; resource not viewed.
650 ## - SUBJECT ADDED ENTRY--TOPICAL TERM
Topical term or geographic name entry element Family relationship
Form subdivision Fiction
650 ## - SUBJECT ADDED ENTRY--TOPICAL TERM
Topical term or geographic name entry element Secrete romance
Form subdivision Fiction
650 ## - SUBJECT ADDED ENTRY--TOPICAL TERM
Topical term or geographic name entry element Marriage
Form subdivision Fiction
655 #7 - INDEX TERM--GENRE/FORM
Genre/form data or focus term Love stories.
Source of term gsafd
906 ## - LOCAL DATA ELEMENT F, LDF (RLIN)
a 7
b cbc
c orignew
d 1
e ecip
f 20
g y-gencatlg
942 ## - ADDED ENTRY ELEMENTS (KOHA)
Source of classification or shelving scheme Dewey Decimal Classification
Koha item type Books
Suppress in OPAC No
Holdings
Withdrawn status Lost status Source of classification or shelving scheme Damaged status Not for loan Collection Home library Current library Shelving location Date acquired Total Checkouts Full call number Barcode Date last seen Price effective from Koha item type
    Dewey Decimal Classification     Fiction Footprints International School Library Network Toul Kork Campus Footprints International School Library Network Toul Kork Campus   12/07/2023   HEL Fic PS3603.P37 2023-0761 12/07/2023 12/07/2023 Books